Top 15 des meilleures universités de France. - Statistiques

Statistiques générales
  • Ce quiz a été pris 318 fois
  • Le résultat moyen est 5 sur 15
Statistiques - réponses
Rang mondial Réponse % Correct
46 Sorbonne Université
90%
301-400 Université de Lille
49%
201-300 Université de Bordeaux
44%
151-200 Université de Strasbourg
43%
301-400 Universités de Toulouse (Toulouse 1 Capitole et Toulouse 3 Paul Sabatier)
43%
15 Paris Saclay Université
37%
151-200 Université de Montpellier
36%
301-400 Institut Polytechnique de Paris
31%
41 PSL Université (Paris Dauphine)
30%
101-150 Université Grenoble Alpes (UGA)
27%
151-200 Aix Marseille Université
24%
69 Université Paris Cité
21%
201-300 École Normale supérieure de Lyon - ENS
19%
201-300 Université Claude Bernard Lyon 1
18%
201-300 Université de Lorraine
8%
Aucun quiz correspondant
Distribution des résultats
% des personnes avec chaque résultat
Percentile par nombre de réponses
Votre historique - résultats
Vous n’avez pas pris ce quiz